000 00448nam a2200157Ia 4500
008 240729s9999 xx 000 0 und d
022 _a2411-5029
245 0 _aJournal of Space Technology
260 _aPakistan
260 _bInstitute of space technology
650 _a Motor vehicles. Aeronautics. Astronautics
650 _aTechnology
856 _uhttps://doaj.org/toc/70908a88921842b3b6863e7bf4b67090
942 _2ddc
942 _cDOAJEJ
999 _c71102
_d71102
945 _a1
_bMadushi Gamage
_c1
_dMadushi Gamage